000 00607nam a22001817a 4500
005 20171023121257.0
010 _aENG-120890
020 _c450.00
_a9789351951469
035 _aEN-104422
037 _bDBAD/PUB
082 _a331.7020954
100 _aDwivedi,Richa
245 _aThe ultimate guide to 21st century careers /
_cby Richa Dwivedi
260 _aGurugam
_bHachette Book Publishing
_c2017
270 _a4 th & 5th Floors, Corporate Center, Plot N0-94,Sector 44
_bGurugram (Haryana)
_e122003
300 _axxvi,440p. :
_c22cm(pbk)
_bill.
942 _2ddc
_cEN
_h331.7020954
_mDWI
999 _c146771
_d146771